| 000 | 01211 a2200301 4500 | ||
|---|---|---|---|
| 003 | OSt | ||
| 005 | 20180116192353.0 | ||
| 008 | 120601t xxu||||| |||| 00| 0 eng d | ||
| 010 | _a 2002002214 | ||
| 020 | _a1568983298 (pbk. : alk. paper) | ||
| 020 | _a9781568983295 | ||
| 040 | _c0 | ||
| 082 | 0 | 0 | _a745.40710 |
| 100 | 1 |
_aHannah, Gail Greet. _93262 |
|
| 245 | 1 | 0 |
_aElements of design : _bRowena Reed Kostellow and the structure of visual relationships / _cby Gail Greet Hannah. |
| 260 |
_aNew York : _bPrinceton Architectural Press, _cc2002. |
||
| 300 |
_a152 p. : _bill. (some col.) ; _c22 cm. |
||
| 440 | 0 |
_aDesign briefs _93263 |
|
| 600 | 1 | 0 |
_aKostellow, Rowena Reed. _93264 |
| 650 | 1 | 0 |
_aDesign. _93265 |
| 650 | 1 | 0 |
_aForm perception. _93266 |
| 650 | 1 | 0 |
_aVolume perception. _93267 |
| 856 | 4 | 1 |
_3Table of contents _uhttp://www.loc.gov/catdir/toc/fy043/2002002214.html |
| 856 | 4 | 1 |
_3Publisher description _uhttp://www.loc.gov/catdir/enhancements/fy0722/2002002214-d.html |
| 856 | 4 | 1 |
_3Contributor biographical information _uhttp://www.loc.gov/catdir/enhancements/fy0738/2002002214-b.html |
| 942 |
_aSADA _cBK _k745.40710 HAN 2002 _2ddc |
||
| 999 |
_c352995 _d352995 |
||